Представление документа в формате RUSMARC

ПолеНазваниеЗначение
  Тип записи a
  Библиографический уровень m
001 Контрольный номер UONB/MAIN/a59b83a7cac7489f8df2a2221a17a19c
005 Дата корректировки 20260515104715.8
010 Индекс ISBN __
d Цена 45 к.
9 Тираж 100000 экз.
100 Данные общей обработки __
a Данные общей обработки 20260515d1957 u y0rusy0189 ca
101 Язык документа 0_
a Язык текста rus
102 Страна публикации __
a Страна публикации RU
105 Кодированные данные (монография) __
a Кодированные данные (монография) a z 000yy
200 Заглавие и сведения об ответственности 1_
a Заглавие Штурм Зимнего
e Сведения, относящиеся к заглавию воспоминания
f Первые сведения об ответственности предисловие И. Кремлева
203 Вид содержания и тип средства __
a Вид содержания Текст
b Характеристика содержания визуальный
c Тип средства непосредственный
210 Выходные данные 1_
a Место издания Москва
c Издательство Молодая гвардия
d Дата издания 1957
215 Физическое описание __
a Объем 55 с.
c Иллюстрации/тип воспроизводства ил., портр.
d Формат 14 см
327 Примечание о содержании 01
a Примечание о содержании Содерж.: Н. И. Подвойский. Воспоминания об Октябре; В. А. Антонов-Овсеенко. Взятие Зимнего дворца; К. С. Еремеев. Осада Зимнего дворца; Г. И. Чудновский. О взятии Зимнего дворца
606 Тематические рубрики 0_
a Основная рубрика Великая Октябрьская социалистическая революция
j Формальный подзаголовок Воспоминания и записки
610 Ключевые слова 0_
a Ключевые слова Октябрьская революция; воспоминания об Октябрьской революции; взятие Зимнего дворца
686 Индексы других классификаций __
a Классификационный индекс 63.3(2)622.13
2 Код системы rubbk
702 Вторичная интеллектуальная ответственность _1
a Фамилия Кремлев
b Имя (инициалы) И.
4 Код отношения 080
801 Источник записи _0
a Страна RU
b Организация Ульяновская ОНБ
c Дата составления 20260515
g Правила каталогизации RCR
801 Источник записи _1
a Страна RU
b Организация Ульяновская ОНБ
c Дата составления 20260515
g Правила каталогизации RCR
901 Тип документа __
t Тип документа m
909 Создатель записи __
a Создатель записи Оргеткина
b Дата создания записи 20260515